000 00486nam a2200181Ia 4500
005 20250508160521.0
008 008 250505s9999 xx 000 0 hin d
037 _aTextual
040 _aFEDL
_beng
_cFEDL
041 _ahin
_2hin
084 _a200, MAX
_qFEDL
100 _aMaxmuller
245 0 _aDharma ki utpati aur vikas
260 _aAllahabad, India
_bAdarsh Hindi Pustkalaya
_c1968
300 _a250p.
942 _cTEXL
_h200, MAX
999 _c1365104
_d1365104